Statistics for the behavioral sciences / (Record no. 141294)
[ view plain ]
| 000 -LEADER | |
|---|---|
| fixed length control field | 01135nam a22002417a 4500 |
| 005 - DATE AND TIME OF LATEST TRANSACTION | |
| control field | 20260630120759.0 |
| 008 - FIXED-LENGTH DATA ELEMENTS--GENERAL INFORMATION | |
| fixed length control field | 260630m20202012|||||||| |||| 00| 0 eng d |
| 020 ## - INTERNATIONAL STANDARD BOOK NUMBER | |
| International Standard Book Number | 9781319324124 |
| 040 ## - CATALOGING SOURCE | |
| Transcribing agency | PK-LaUMT |
| 082 ## - DEWEY DECIMAL CLASSIFICATION NUMBER | |
| Classification number | 519.50243 |
| Item number | NOL-S |
| 100 1# - MAIN ENTRY--PERSONAL NAME | |
| Personal name | Nolan, Susan A. |
| 245 10 - TITLE STATEMENT | |
| Title | Statistics for the behavioral sciences / |
| Statement of responsibility, etc | Susan A. Nolan and Thomas E. Heinzen |
| 250 ## - EDITION STATEMENT | |
| Edition statement | 5th ed. |
| 260 ## - PUBLICATION, DISTRIBUTION, ETC. (IMPRINT) | |
| Place of publication, distribution, etc | New York : |
| Name of publisher, distributor, etc | Macmillan International, |
| Date of publication, distribution, etc | 2020 |
| 300 ## - PHYSICAL DESCRIPTION | |
| Extent | Various pagings |
| 500 ## - GENERAL NOTE | |
| General note | Includes bibliographical references and index. |
| 520 ## - SUMMARY, ETC. | |
| Summary, etc | "Nolan and Heinzen offer an introduction to the basics of statistics that is uniquely suited for behavioral science students due to its coverage that is anchored in real-world stories, its highly visual approach to presenting data, helpful mathematical and formula support, and its unique immersive learning activities (Which Test is Best and the new Interpreting Statistical Results) right in LaunchPad"-- Provided by publisher |
| 546 ## - LANGUAGE NOTE | |
| Language note | Eng |
| 650 ## - SUBJECT ADDED ENTRY--TOPICAL TERM | |
| Topical term or geographic name as entry element | Educational statistics |
| 650 ## - SUBJECT ADDED ENTRY--TOPICAL TERM | |
| Topical term or geographic name as entry element | Sampling |
| 700 1# - ADDED ENTRY--PERSONAL NAME | |
| Personal name | Heinzen, Thomas E. |
| 942 ## - ADDED ENTRY ELEMENTS (KOHA) | |
| Koha item type | Books |
| Withdrawn status | Lost status | Damaged status | Home library | Current library | Date acquired | Full call number | Barcode | Date last seen | Price effective from | Koha item type |
|---|---|---|---|---|---|---|---|---|---|---|
| UMT Main Campus | UMT Main Campus | 2026-06-30 | 519.50243 NOL-S | 153114 | 2026-06-30 | 2026-06-30 | Books |
